000 00577nam a22002057a 4500
999 _c3130
_d3130
003 OSt
005 20190902120307.0
008 160301b xxu||||| |||| 00| 0 eng d
020 _a0153711205
040 _c040a
082 _a301
_bTHO 1982
100 _aThomas, W. LaVerne; Anderson, Robert J.
_96959
245 _aSociology :the study of human relationships
250 _a3rd.ed
260 _aOrlando
_bHarcourt brace jovanovich publishers
_c1982
300 _aiii, 446p;
_bCol.ill :
_c16 cm
504 _aIncludes index
650 _aSociology
_92259
942 _2ddc
_cSLOAN